Central Library, Doon University
WEBOPAC (ONLINE PUBLIC ACCESS CATALOGUE)

Managerial Skills (Record no. 60912)

MARC details
000 -LEADER
fixed length control field 00438nam a22001817a 4500
005 - DATE & TIME
control field 20260529130529.0
008 - FIXED-LENGTH DATA ELEMENTS--GENERAL INFORMATION
fixed length control field 260529b |||||||| |||| 00| 0 eng d
020 ## - ISBN
International Standard Book Number 9788121998697
Price 365.00
040 ## - CATALOGING SOURCE
Original cataloging agency Doon University
041 ## - Language
Language English
082 ## - DDC NUMBER
Classification number 658.409
Book Number ALE
100 ## - MAIN ENTRY--PERSONAL NAME
Personal name Alex, K.
245 ## - TITLE STATEMENT
Title Managerial Skills
260 ## - PUBLICATION, DISTRIBUTION, ETC. (IMPRINT)
Place of publication, distribution, etc Uttar Pradesh
Name of publisher, distributor, etc S. Chand
Date of publication, distribution, etc 2016
300 ## - PHYSICAL DESCRIPTION
Pages 177
650 ## - Subject
Subject Competitive Books
942 ## - ADDED ENTRY ELEMENTS (KOHA)
Koha item type Books
100 ## - MAIN ENTRY--PERSONAL NAME
-- 26933
952 ## - LOCATION AND ITEM INFORMATION (KOHA)
-- 2026-05-29
Holdings
Withdrawn status Lost status Source of classification or shelving scheme Damaged status Not for loan Location (home branch) Sublocation or collection (holding branch) Date acquired Koha issues (times borrowed) Koha full call number Accession No. Koha date last seen Koha item type
          Doon University Doon University 29.05.2026   658.409 ALE CB875 29.05.2026 Books
Contact : +91-135-2533126 (Library),+91-135-2533105 (Admin Office) , Email : doonlibrary@gmail.com

Powered by Koha